000 00821nas a2200241Ia 4500
001 R701/D3897
003 IT-RoPAU
008 151124c99999999xx |||||||||||| ||und||
040 _aIT-RoPAU
040 _cIT-RoPAU
041 _aITALIANO
100 _aCohen Alain J.-J.
_gCodice Aut. SPICS: 18643
210 _aCARTE SEMIOTICHE
222 _aCarte Semiotiche
245 _aCARTE SEMIOTICHE, NUOVA SERIE N.02 (SETTEMBRE 1995)
_bQuid Pro Quo (Il) / Il Silenzio Degli Innocenti. Trasposizioni: Romanzo-Script-Film
250 _a1a ed.
260 _aSIENA
_bPROTAGON EDITORI TOSCANI
_c1995
501 _bPaulus - SPICS - Società San Paolo EM (non-commercial uses only)
_cCopyright2015
300 _a10 p. [74-83]
362 _aN.02 (SETTEMBRE 1995)
650 _aSEMIOTICA
_vPUBBLICAZIONE PERIODICA
942 _cCR
999 _c189087
_d189087